<?xml version="1.0" encoding="UTF-8"?>
<marc:record xmlns:marc="http://www.loc.gov/MARC21/slim">
   <marc:leader>00000nam a2200000 a 4500</marc:leader>
   <marc:datafield ind1="1" ind2=" " tag="100">
      <marc:subfield code="a">Grimm, Sandra</marc:subfield>
      <marc:subfield code="4">aut</marc:subfield>
      <marc:subfield code="e">Verfasser/-in</marc:subfield>
   </marc:datafield>
   <marc:datafield ind1="1" ind2=" " tag="100">
      <marc:subfield code="a">Pricken, Stephan</marc:subfield>
   </marc:datafield>
   <marc:datafield ind1="0" ind2="0" tag="245">
      <marc:subfield code="a">Fantastische Vorlesegeschichten - Hexen, Drachen, Zauberer</marc:subfield>
   </marc:datafield>
   <marc:datafield ind1=" " ind2="1" tag="264">
      <marc:subfield code="a">Hamburg</marc:subfield>
      <marc:subfield code="b">Ellermann</marc:subfield>
      <marc:subfield code="c">2015</marc:subfield>
   </marc:datafield>
   <marc:datafield ind1="1" ind2=" " tag="520">
      <marc:subfield code="a">Angaben aus der Verlagsmeldung##Fantastische Vorlesegeschichten - Hexen, Drachen, Zauberer / von Sandra Grimm##Spring hinein in die Geschichte!##Wo würdest Du einen Schatz verstecken? Entdeckst Du Robertas Zauberstab? Sing ganz leise mit, das hilft dem armen Monster! Diese und viele weitere Mitmach-Ideen finden sich in diesem Buch. Da geht es um kleine Drachen, schusselige Hexen und vieles mehr. Der Vorleser kann individuell auswählen, welche Mitmach-Idee er für das Kind geeignet hält. Aber natürlich macht jede der Geschichten auch ohne dieses Plus Spaß.##Ein Geschichtenbuch zum Mitmachen, Lauschen und Lachen mit klarem, selbsterklärendem Konzept und Vorlesetipps.</marc:subfield>
   </marc:datafield>
   <marc:datafield ind1=" " ind2=" " tag="020">
      <marc:subfield code="a">9783770726479</marc:subfield>
      <marc:subfield code="9">9783770726479</marc:subfield>
   </marc:datafield>
   <marc:datafield ind1=" " ind2=" " tag="041">
      <marc:subfield code="a">ger</marc:subfield>
   </marc:datafield>
   <marc:datafield ind1=" " ind2=" " tag="300">
      <marc:subfield code="a">77 Seiten</marc:subfield>
   </marc:datafield>
</marc:record>
